000
00332nam a2200121Ia 4500
008
250110s9999 xx 000 0 und d
041
_a
eng
100
_a
Dandage Shruti
245
_a
Loving Hands Pet Care Centre
260
_b
Final Year B. Arch, BNCA
_c
2014
300
_a
106p
700
_a
Guide Name:Gokhale Vasudha
_9
210225
999
_c
363417
_d
363417